Marketing samosprávy v cestovnom ruchu

Cestovný ruch a samospráva. Vplyv cestovného ruchu na rozvoj podnikania, zvyšovania zamestnanosti v území, čiže oživenie ekonomiky prostredníctvom rozvoja CR. Regionálne združenia a územná samospráva. Marketing samosprávy.

Gespeichert in:
Bibliographische Detailangaben
1. Verfasser: Kulčáková, Marta
Format: Buchkapitel
Sprache:Slowakisch
Schlagworte:
Tags: Tag hinzufügen
Keine Tags, Fügen Sie das erste Tag hinzu!

MARC

LEADER 00000naa$a2200000$$$4500
001 0011736
005 20221104094819.9
041 0 |a slo 
044 |a SK 
245 1 0 |a Marketing samosprávy v cestovnom ruchu  |c aut. Marta Kulčáková 
520 |a Cestovný ruch a samospráva. Vplyv cestovného ruchu na rozvoj podnikania, zvyšovania zamestnanosti v území, čiže oživenie ekonomiky prostredníctvom rozvoja CR. Regionálne združenia a územná samospráva. Marketing samosprávy. 
610 2 0 |a samospráva miestna 
610 2 0 |a ruch cestovný 
610 2 0 |a marketing územia 
610 2 0 |a politika regionálna 
610 2 0 |a rozvoj sociálno-ekonomický 
610 2 0 |a marketing regionálny 
100 1 |a Kulčáková, Marta